| 000 | 00341nam a2200109Ia 4500 | ||
|---|---|---|---|
| 008 | 171211s9999 xx 000 0 und d | ||
| 245 | _aPhonological Development: The First Two Years, 2nd Edition | ||
| 245 | _cMarilyn May Vihman | ||
| 260 | _c2014 | ||
| 650 | _xLANGUAGES | ||
| 856 | _uhttp://down.ebook777.com/024/PhoDevTheFirTwoYea2ndEdi.pdf | ||
| 999 |
_c349761 _d349761 |
||